Použitie programu Derive v teórii pravdepodobnosti 2

Jedným z predpokladov na úspešné zvládnutie predmetu Teória pravdepodobnosti 2 je absolvovanie predmetu Matematika C. Pri písomných prácach, ktoré majú overiť pripravenosť študentov na skúšku, sa využíva softvérový balík, ktorý vie s viacnásobnými integrálmi pracovať - Derive.

Guardado en:
Detalles Bibliográficos
Autor principal: Strešňáková, Anna, 1976-
Formato: Capítulo de libro
Lenguaje:eslovaco
Materias:
Etiquetas: Agregar Etiqueta
Sin Etiquetas, Sea el primero en etiquetar este registro!

MARC

LEADER 00000naa$a2200000$$$4500
001 0098005
005 20240502072100.9
041 0 |a slo 
044 |a SK 
245 1 0 |a Použitie programu Derive v teórii pravdepodobnosti 2  |c Anna Strešňáková 
520 |a Jedným z predpokladov na úspešné zvládnutie predmetu Teória pravdepodobnosti 2 je absolvovanie predmetu Matematika C. Pri písomných prácach, ktoré majú overiť pripravenosť študentov na skúšku, sa využíva softvérový balík, ktorý vie s viacnásobnými integrálmi pracovať - Derive. 
610 2 0 |a matematika 
610 2 0 |a počítače 
610 2 0 |a softvér 
100 1 |a Strešňáková, Anna, 1976-